000 03108cam a2200493Ii 4500
001 sjds2132286
003 sjds
005 20240515194251.0
008 151217s2016 nyua j 000 1 spa d
010 _a2016952921
020 _a9781609807177
_q(paperback)
020 _a1609807170
_q(paperback)
035 _a(OCoLC)933271718
_z(OCoLC)1003712120
_z(OCoLC)1003776396
035 _a(OCoLC)ocn933271718
035 _a2114053
035 _a2114053
040 _aBTCTA
_beng
_erda
_cBTCTA
_dOCLCQ
_dJQW
_dOCLCO
_dOCLCF
_dMCCPP
_dGK8
_dOCL
_dCHILD
_dBDX
_dOCLCQ
_dHCO
_dIFA
041 1 _aspa
_heng
049 _aIFAA
099 _f2016
100 1 _aAlvarez, Julia,
_eauthor.
240 1 0 _aWhere do they go?
_lSpanish
245 1 0 _aDonde va a parar? /
_cJulia Alvarez ; ilustrado por Sabra Field ; traducido por Rhina P. Espaillat.
250 _aTriangle Books for Young Readers edition.
260 _aNew York :
_bSeven Stories Press/Triangle Books for Young Readers,
_c2016
264 1 _aNew York :
_bSeven Stories Press/Triangle Books for Young Readers,
_c2016
300 _a1 volume (unpaged) :
_bcolor illustrations ;
_c22 x 28 cm
336 _atext
_btxt
_2rdacontent
336 _astill image
_bsti
_2rdacontent
337 _aunmediated
_bn
_2rdamedia
338 _avolume
_bnc
_2rdacarrier
520 _aPara el nino a quien le ha tocado preguntarse sobre el destino de seres queridos que han muerto, ha venido este tierno libro de Julia Alvarez, autora de libros de mejor venta y de literatura infantil. Este libro plantea las siguientes preguntas: "A donde van lose que mueren? A quien se lo pregunto? Hay alguien que lo sabe?" En todas partes se encuentran atisbos: "Es que van donde los lleva el viento? Me hacen guinos--como estrellas cuando les pido un favor--Parpadeando: 'Eres perfecta, no hay que ser algo mejor?'" Ilustrado por Sabra Field, grabadora en madera y oriunda de Vermont, Donde va a parar? es una meditacion bella y consoladora sobre la muerte, el recuerdo y el amor.
520 _aBestselling novelist (How the Garcia Girls Lost Their Accents) and children's (The Tia Lola Stories) author Julia Alvarez's new Spanish-language picture book is a beautifully crafted poem for children that gently addresses the emotional side of death. The book asks, "When somebody dies, where do they go? / Do they go where the wind goes when it blows? ... Do they wink back at me when I wish on a star? Do they whisper, 'You're perfect, just as you are'? ..." Illustrated by Vermont woodcut artist, Sabra Field, �Donde va a parar?, is a beautiful and comforting meditation on death, asking questions young readers of Spanish might have about what happens to those they love after they die.
521 8 _a3-7 years old.
546 _aIn Spanish.
650 0 _aDeath
_vJuvenile fiction.
650 7 _aMuerte
_vNovela juvenil.
_2bidex
655 7 _a#OwnVoices - Latinx.
_2local
700 1 _aField, Sabra,
_eillustrator.
700 1 _aEspaillat, Rhina P.
_q(Rhina Polonia),
_d1932-
_etranslator.
710 2 _aSeven Stories Press,
_epublisher.
902 _aMARCIVE
942 _cBK
_2ddc
999 _c29764
_d29762